|
|
|
|
| LEADER |
00000nam a22000007a 4500 |
| 008 |
211028b ||||| |||| 00| 0 eng d |
| 020 |
|
|
|a 9780415595810
|
| 100 |
|
|
|a Bailey, Stephen
|
| 245 |
|
|
|a Academic writing
|b A hand book for international students
|c Stephen, Bailey
|g xx, 293 p.
|
| 250 |
|
|
|b 3rd edition.
|
| 260 |
|
|
|b Routledge
|c 2011.
|d Book
|h London
|i 678261
|l PE1413.B16
|m English language--Rhetoric--Handbooks, manuals, etc.
|m English language--Textbooks for foreign speakers.
|m Academic writing--Handbooks, manuals, etc.
|
| 500 |
|
|
|a Includes bibliographical references and index.
|
| 942 |
|
|
|a lcc
|c BK
|e Olagoke, M.A.
|f 28/10/2021.
|
| 952 |
|
|
|0 0
|1 0
|2 lcc
|4 0
|7 0
|9 3759
|a HOL
|b HOL
|c LP
|d 2021-10-28
|o PE1314.B16
|p 2021-67492
|r 2021-10-28 00:00:00
|t 678261
|w 2021-10-28
|y BK
|
| 999 |
|
|
|c 1872
|d 1872
|